Kôm Ombo II : les inscriptions de la salle médiane et des chapelles annexes (chambre d'introduction des offrandes, chambre de l'inondation, laboratoire) /

Kôm Ombo II publie le décor de la salle médiane (PM VI, 186, salle C) et de ses annexes, au nord la chambre d'introduction des offrandes (PM VI, 186 [1]) et au sud, la chambre de l'inondation et le laboratoire (PM VI, 186 [2 et 3]). Les travaux épigraphiques ont été réalisés sous la direct...

وصف كامل

محفوظ في:

المؤلفون الرئيسيون: Bedier, Shafia (مؤلف), Labrique, Françoise (1949-....) (مؤلف), Ali, Ali Abdelhalim (1976-....) (مؤلف), Dékány, Anna (مؤلف), Eicke, Sven (مؤلف)

مؤلفون آخرون: Dirksen, Svenja C (مساهم), Müller, Corinna (مساهم), Skowronek, Jasmin (مساهم), Traber, Janine (مساهم)

التنسيق: كتاب

اللغة: French

منشور في: Le Caire : Institut français d'archéologie orientale du Caire, 2021.

الموضوعات:

الوسوم: إضافة وسم

لا توجد وسوم, كن أول من يضع وسما على هذه التسجيلة!

رقم الطلب: PJ1551 .G88 v.2

LEADER 01859nam a22003497a 4500
003 OSt
005 20260202080217.0
008 020226t2021 ua a 000 0 fre d
020 |a 9782724707595 (v.2) 
020 |a 2724707591 
035 |a (OCoLC)1249794626 
040 |c ARCE Library 
050 1 4 |a PJ1551  |b .G88 v.2 
100 1 |a Bedier, Shafia,  |e author 
245 1 0 |a Kôm Ombo II :   |b les inscriptions de la salle médiane et des chapelles annexes (chambre d'introduction des offrandes, chambre de l'inondation, laboratoire) /   |c Shafia Bedier, Françoise Labrique, Ali Abelhalim Ali, Anna Dékány, Sven Eicke ; avec illustrations par Svenja Dirksen, Corinna Müller, Jasmin Skowronik, Janine Traber. 
264 1 |a Le Caire :  |b Institut français d'archéologie orientale du Caire,  |c 2021. 
264 4 |c ©2021. 
300 |a 510 pages :  |b illustrations (some color) ;  |c 29 cm. 
520 |a Kôm Ombo II publie le décor de la salle médiane (PM VI, 186, salle C) et de ses annexes, au nord la chambre d'introduction des offrandes (PM VI, 186 [1]) et au sud, la chambre de l'inondation et le laboratoire (PM VI, 186 [2 et 3]). Les travaux épigraphiques ont été réalisés sous la direction de Shafia Bedier et Françoise Labrique par une équipe réunissant des membres des universités égyptienne et allemande de Ayn Chams et de Cologne. 
650 |a Inscriptions, Egyptian. 
651 |a Egypt  |x Religion 
700 1 |a Labrique, Françoise  |d (1949-....),  |e author. 
700 1 |a Ali, Ali Abdelhalim  |d (1976-....),  |e author. 
700 1 |a Dékány, Anna,  |e author. 
700 1 |a Eicke, Sven,  |e author. 
700 1 |a Dirksen, Svenja C,  |e contributor. 
700 1 |a Müller, Corinna,  |e contributor. 
700 1 |a Skowronek, Jasmin,  |e contributor. 
700 1 |a Traber, Janine,  |e contributor. 
901 |a reviewed 
942 |2 lcc  |c BK 
999 |c 54392  |d 54392